Blackpink English Lyrics Quiz - Statistics

General Stats
  • This quiz has been taken 320 times
    118 since last reset
  • The average score is 20 of 78
Answer Stats
Answer % Correct
Boombayah
87%
Ice Cream (with Selena Gomez)
81%
ROSE - APT. (with Bruno Mars)
77%
Whistle
75%
JENNIE - SOLO
68%
Typa Girl
57%
JENNIE - MANTRA
55%
How You Like That
52%
LISA - LALISA
49%
Pink Venom
49%
Shut Down
48%
JENNIE - ZEN
46%
LISA - Dream
45%
LISA - Moonlit Floor (Kiss Me)
45%
LISA - ROCKSTAR
45%
ROSE - On The Ground
42%
ROSE - toxic till the end
42%
JENNIE - ExtraL
39%
LISA - MONEY
39%
Lovesick Girls
39%
DDU-DU DDU-DU
38%
Kill This Love
38%
Stay
36%
Playing With Fire
30%
JENNIE - like JENNIE
29%
You Never Know
29%
THE GIRLS
28%
The Happiest Girl
28%
Forever Young
26%
JISOO - EYES CLOSED
26%
LISA - Born Again
26%
Love to Hate Me
26%
See U Later
26%
LISA - Lifestyle
25%
ROSE - Gone
25%
As If It's Your Last
23%
JENNIE - Seoul City
23%
Kick It
23%
ROSE - number one girl
23%
ROSE - 3am
20%
JENNIE - twin
19%
LISA - Chill
19%
JENNIE - You & Me
17%
LISA - FXCK UP THE WORLD
17%
Really
17%
Tally
16%
Hard to Love
14%
Pretty Savage
14%
Crazy Over You
13%
JENNIE - Handlebars
13%
JENNIE - start a war
13%
JISOO - earthquake
13%
ROSE - stay a little longer
13%
JENNIE - Love Hangover
12%
LISA - Thunder
12%
ROSE - call it the end
12%
ROSE - dance all night
12%
ROSE - gameboy
12%
JENNIE - with the IE (way up)
10%
LISA - New Woman (feat. ROSALIA)
10%
LISA - Rapunzel
10%
ROSE - too bad for us
9%
JENNIE - Damn Right
7%
ROSE - drinks or coffee
7%
ROSE - two years
7%
Bet You Wanna (feat. Cardi B)
6%
ROSE - not the same
6%
JENNIE - Filter
4%
JENNIE - F.T.S.
4%
JISOO - TEARS
4%
LISA - BADGRRRL
4%
LISA - When I'm With You
4%
JISOO - All Eyes On Me
3%
JISOO - Your Love
3%
LISA - Elastigirl
3%
JENNIE - Starlight
1%
JISOO - Hugs & Kisses
1%
Ready For Love
1%
No matching quizzes found
Score Distribution
Percent of People with Each Score
Percentile by Number Answered
Your Score History
You have not taken this quiz since the last reset